000 00502nam a2200169 4500
999 _c163704
_d163704
005 20190426120058.0
020 _a8131715035
035 _aB-226157
037 _bDBAD/PUB
082 _a000
100 _aKhattar,Dinesh
245 _aThe pearson guide to quantitative aptitude:
_bfor MBA entrance examination/
_cby Dinesh Khattar
260 _aNew Delhi
_c2008
270 _a482,F.I.E.,patparganj,
_bDelhi
_e110092
300 _ax,843p.
_c28cms(hbk)
942 _2ddc
_cEN
_h000
_mKHA